Signifying animals human meaning in the natural world /

Bibliographic Details
Other Authors: Willis, Roy G.
Format: Electronic eBook
Language:English
Published: London ; New York : Routledge, 1994.
Series:One world archaeology ; 16.
Subjects:
Online Access:Full Text via HEAL-Link
LEADER 01245cam a2200337Ia 4500
001 9780203169353
003 FlBoTFG
005 20091230162919.0
006 a|||||s|||||||||||
007 cr||||
008 941208r19941990enka sb 001 0 eng d
020 |a 9780203169353 (e-book : PDF) 
040 |a FlBoTFG  |c FlBoTFG  |d GrThAP 
090 |a GR705  |b .S57 1994 
092 |a 398.369  |b S578 
245 0 0 |a Signifying animals  |h [electronic resource] :  |b human meaning in the natural world /  |c edited by Roy Willis. 
260 |a London ;  |a New York :  |b Routledge,  |c 1994. 
300 |a xxviii, 258 p. :  |b ill. 
490 1 |a One world archaeology ;  |v 16 
500 |a Originally published: London ; Boston : Unwin Hyman, 1990. 
504 |a Includes bibliographical references and index. 
530 |a Also available in print edition.  |b CRC Press (http://www.crcpress.com) 
538 |a Mode of access: World Wide Web. 
650 0 |a Animals  |x Symbolic aspects. 
650 0 |a Animals  |v Folklore. 
650 0 |a Hunting and gathering societies. 
655 7 |a Electronic books.  |2 lcsh 
700 1 |a Willis, Roy G. 
776 1 |z 9780415095556 
830 0 |a One world archaeology ;  |v 16. 
856 4 0 |u http://www.tandfebooks.com/isbn/9780203169353  |z Full Text via HEAL-Link